Ortsteile von Halstenbek auf einer Karte - Statistiken

Allgemein
  • Dieses Quiz wurde 43 mal gespielt
    9 seit der letzten Aktualisierung
  • Das Durchschnittsergebnis liegt bei 5 aus 7
Antworten auf der Karte
Die Antworten werden auf der Karte rot bzw. grün angezeigt, abhängig davon wie oft sie richtig erraten wurden.
 
Antwortstatistiken
Ortsteile % Korrekt
Halstenbek-Ort
100%
Krupunder
100%
Brande
75%
Nienhöfen
75%
Ballerbek
50%
Halstenbek-Dorf
50%
Halstenbek-Wohnmeile
50%
Keine übereinstimmenden Quizze gefunden
Verteilung der Resultate
Anzahl Personen mit jedem Resultat
Perzentil nach korrekt beantworteten Fragen
Ihre Resultats-Entwicklung
Sie haben dieses Quiz seit der letzten Aktualisierung nicht gespielt